000 00500nam a2200181Ia 4500
003 LK-CoDNM
008 010623t2003 xxu||||| |||| 00| 1 sin d
040 _aLK-CoDNM
_dLK-CoDNM
_eLK-CoDNM
041 _asin
080 _a001
_bGUN
100 _aGunasekara,Saman Pushpa
245 _aදරුවන්ගේ දැනුමි පොත
246 _aChildren's Knowledge Book
260 _bMalpiyali
_aDankotuwa
_c2003
300 _b208p.;25 cm cm
650 _aGeneral Knowledge
942 _cBK
999 _c122871
_d122871